<?xml version="1.0" encoding="UTF-8"?>
<record
    xmlns:xsi="http://www.w3.org/2001/XMLSchema-instance"
    xsi:schemaLocation="http://www.loc.gov/MARC21/slim http://www.loc.gov/standards/marcxml/schema/MARC21slim.xsd"
    xmlns="http://www.loc.gov/MARC21/slim">

  <leader>00551nam a22001577a 4500</leader>
  <controlfield tag="003">OSt</controlfield>
  <controlfield tag="005">20150925145330.0</controlfield>
  <controlfield tag="008">150925b        xxu||||| |||| 00| 0 eng d</controlfield>
  <datafield tag="040" ind1=" " ind2=" ">
    <subfield code="c">RUA</subfield>
  </datafield>
  <datafield tag="082" ind1=" " ind2=" ">
    <subfield code="a">AGR KEP 2011 B049 Or.1</subfield>
  </datafield>
  <datafield tag="100" ind1=" " ind2=" ">
    <subfield code="9">1332</subfield>
    <subfield code="a">KEP, SODAMY.</subfield>
  </datafield>
  <datafield tag="245" ind1=" " ind2=" ">
    <subfield code="a">Effect of timing of nitrogen utilzation on lettuce &#x17A5;&#x1791;&#x17D2;&#x1792;&#x17B7;&#x1796;&#x179B;&#x1793;&#x17C3;&#x1796;&#x17C1;&#x179B;&#x179C;&#x17C1;&#x179B;&#x17B6;&#x1794;&#x17D2;&#x179A;&#x17BE;&#x1794;&#x17D2;&#x179A;&#x17B6;&#x179F;&#x17CB;&#x1787;&#x17B8;&#x17A2;&#x17B6;&#x179F;&#x17BC;&#x178F;&#x179B;&#x17BE;&#x178A;&#x17C6;&#x178E;&#x17B6;&#x17C6;&#x179F;&#x17B6;&#x179B;&#x17B6;&#x178A;</subfield>
  </datafield>
  <datafield tag="260" ind1=" " ind2=" ">
    <subfield code="a">Phnom Penh</subfield>
    <subfield code="b">RUA</subfield>
    <subfield code="c">2011</subfield>
  </datafield>
  <datafield tag="300" ind1=" " ind2=" ">
    <subfield code="a">xiii, 41p.</subfield>
    <subfield code="b">ill.</subfield>
    <subfield code="c">29cm.</subfield>
  </datafield>
  <datafield tag="942" ind1=" " ind2=" ">
    <subfield code="2">ddc</subfield>
    <subfield code="c">AGR</subfield>
  </datafield>
  <datafield tag="999" ind1=" " ind2=" ">
    <subfield code="c">1256</subfield>
    <subfield code="d">1256</subfield>
  </datafield>
  <datafield tag="952" ind1=" " ind2=" ">
    <subfield code="0">0</subfield>
    <subfield code="1">0</subfield>
    <subfield code="2">ddc</subfield>
    <subfield code="4">0</subfield>
    <subfield code="6">AGR_KEP_2011_000000000000000_B049_OR_1</subfield>
    <subfield code="7">0</subfield>
    <subfield code="9">5293</subfield>
    <subfield code="a">LBB</subfield>
    <subfield code="b">LBB</subfield>
    <subfield code="c">B049</subfield>
    <subfield code="d">2015-09-25</subfield>
    <subfield code="l">2</subfield>
    <subfield code="o">AGR KEP 2011 B049 Or.1</subfield>
    <subfield code="p">RUA008803</subfield>
    <subfield code="r">2020-01-03</subfield>
    <subfield code="s">2019-12-25</subfield>
    <subfield code="w">2015-09-25</subfield>
    <subfield code="y">AGR</subfield>
  </datafield>
  <datafield tag="952" ind1=" " ind2=" ">
    <subfield code="0">0</subfield>
    <subfield code="1">0</subfield>
    <subfield code="2">ddc</subfield>
    <subfield code="4">0</subfield>
    <subfield code="6">AGR_KEP_2011_000000000000000_B049_OR_2</subfield>
    <subfield code="7">0</subfield>
    <subfield code="9">5294</subfield>
    <subfield code="a">LBB</subfield>
    <subfield code="b">LBB</subfield>
    <subfield code="c">B049</subfield>
    <subfield code="d">2015-09-25</subfield>
    <subfield code="l">3</subfield>
    <subfield code="o">AGR KEP 2011 B049 Or.2</subfield>
    <subfield code="p">RUA006705</subfield>
    <subfield code="r">2019-12-30</subfield>
    <subfield code="s">2019-12-09</subfield>
    <subfield code="w">2015-09-25</subfield>
    <subfield code="y">AGR</subfield>
  </datafield>
  <datafield tag="952" ind1=" " ind2=" ">
    <subfield code="0">0</subfield>
    <subfield code="1">0</subfield>
    <subfield code="2">ddc</subfield>
    <subfield code="4">0</subfield>
    <subfield code="6">AGR_KEP_2011_000000000000000_B049_OR_3</subfield>
    <subfield code="7">0</subfield>
    <subfield code="9">5295</subfield>
    <subfield code="a">LBB</subfield>
    <subfield code="b">LBB</subfield>
    <subfield code="c">B049</subfield>
    <subfield code="d">2015-09-25</subfield>
    <subfield code="l">7</subfield>
    <subfield code="o">AGR KEP 2011 B049 Or.3</subfield>
    <subfield code="p">RUA006057</subfield>
    <subfield code="r">2019-08-20</subfield>
    <subfield code="s">2019-08-14</subfield>
    <subfield code="w">2015-09-25</subfield>
    <subfield code="y">AGR</subfield>
  </datafield>
  <datafield tag="952" ind1=" " ind2=" ">
    <subfield code="0">0</subfield>
    <subfield code="1">0</subfield>
    <subfield code="2">ddc</subfield>
    <subfield code="4">0</subfield>
    <subfield code="6">AGR_KEP_2011_000000000000000_B049_OR_4</subfield>
    <subfield code="7">0</subfield>
    <subfield code="9">5296</subfield>
    <subfield code="a">LBB</subfield>
    <subfield code="b">LBB</subfield>
    <subfield code="c">B049</subfield>
    <subfield code="d">2015-09-25</subfield>
    <subfield code="l">4</subfield>
    <subfield code="o">AGR KEP 2011 B049 Or.4</subfield>
    <subfield code="p">RUA006211</subfield>
    <subfield code="r">2023-11-17</subfield>
    <subfield code="s">2023-11-10</subfield>
    <subfield code="w">2015-09-25</subfield>
    <subfield code="y">AGR</subfield>
  </datafield>
  <datafield tag="952" ind1=" " ind2=" ">
    <subfield code="0">0</subfield>
    <subfield code="1">0</subfield>
    <subfield code="2">ddc</subfield>
    <subfield code="4">0</subfield>
    <subfield code="6">AGR_KEP_2011_000000000000000_B049_OR_5</subfield>
    <subfield code="7">0</subfield>
    <subfield code="9">5297</subfield>
    <subfield code="a">LBB</subfield>
    <subfield code="b">LBB</subfield>
    <subfield code="c">B049</subfield>
    <subfield code="d">2015-09-25</subfield>
    <subfield code="l">5</subfield>
    <subfield code="o">AGR KEP 2011 B049 Or.5</subfield>
    <subfield code="p">RUA008053</subfield>
    <subfield code="r">2020-08-07</subfield>
    <subfield code="s">2020-08-03</subfield>
    <subfield code="w">2015-09-25</subfield>
    <subfield code="y">AGR</subfield>
  </datafield>
  <datafield tag="952" ind1=" " ind2=" ">
    <subfield code="0">0</subfield>
    <subfield code="1">0</subfield>
    <subfield code="2">ddc</subfield>
    <subfield code="4">0</subfield>
    <subfield code="6">AGR_KEP_2011_000000000000000_B049_OR_6</subfield>
    <subfield code="7">0</subfield>
    <subfield code="9">36424</subfield>
    <subfield code="a">LBB</subfield>
    <subfield code="b">LBB</subfield>
    <subfield code="c">B049</subfield>
    <subfield code="d">2016-01-26</subfield>
    <subfield code="l">1</subfield>
    <subfield code="o">AGR KEP 2011 B049 Or.6</subfield>
    <subfield code="p">RUA050910</subfield>
    <subfield code="r">2017-01-13</subfield>
    <subfield code="s">2016-12-12</subfield>
    <subfield code="w">2016-01-26</subfield>
    <subfield code="y">AGR</subfield>
  </datafield>
</record>
